| 000 | 01231nam a2200349 c 4500 | ||
|---|---|---|---|
| 003 | BLK | ||
| 005 | 20180420215001.0 | ||
| 008 | 180412b bul|||||r ||||||| ||bul|| | ||
| 010 | _aKNG00016465000 | ||
| 040 | _aBLK | ||
| 041 |
_aFRE _cFRE |
||
| 080 |
_aСистематична (специална) зоология. Вж и 562/569; 57.06 _b592/599 _x(03) _z592/599(03) |
||
| 100 | 1 |
_aBurton, Maurice _eпърви автор _9259566 |
|
| 700 | 1 |
_aBurton, Robert _eсъавт. _9259567 |
|
| 700 | 1 |
_aSchauenberg, Paul _ered. _923459 |
|
| 139 |
_aBurton, Maurice et al. _bB 96 |
||
| 245 | 1 | 0 |
_aGrand dictionnaire des animaux _bT. 1 - _cMaurice Burton; съавт. Robert Burton; red. Paul Schauenberg. _nT. 5 _pCigognides - Couleuvre |
| 257 | _aSWI | ||
| 260 |
_аGeneve _bBordas _c1972 - |
||
| 300 | _c28 cm | ||
| 380 | _a5 | ||
| 650 | 4 |
_aЖивотни - енциклопедии _9252991 |
|
| 653 | _aживотни | ||
| 653 | _aдиви животни | ||
| 653 | _aенциклопедии | ||
| 760 | 1 |
_aBurton, Maurice _d1973 _hp. 805 - 1002 : ill. _tT. 5 Cigognides - Couleuvre |
|
| 852 | _aЦб ІІ 5682 | ||
| 856 | 4 |
_qpdf _u |
|
| 856 | 4 |
_qpdf _u |
|
| 942 |
_cKNG _n0 |
||
| 944 |
_aCR _c19.05.2004 _kГеновева_Генчева |
||
| 944 |
_aED _c26.05.2004 _k |
||
| 999 |
_c14742 _d14742 |
||